Faces of Islam : Conversations on contemporary issues
| Other Authors: | |
|---|---|
| Format: | Book |
| Published: |
Kuala Lumpur :
Berita Publishing ,
1989
|
| Subjects: |
MARC
| LEADER | 00000cam a2200000 7i4500 | ||
|---|---|---|---|
| 001 | 0000001200 | ||
| 005 | 20021114.0 | ||
| 020 | |a 9679691888 | ||
| 040 | |a INS | ||
| 090 | 0 | 0 | |a BP163. |b F22 1989 |
| 245 | 1 | 0 | |a Faces of Islam : |b Conversations on contemporary issues |c edited by Ziauddin Sardar |
| 260 | |a Kuala Lumpur : |b Berita Publishing , |c 1989 | ||
| 300 | |a 126p ; |c 23cm. | ||
| 650 | 0 | 0 | |a Islam and philosophy |
| 700 | 0 | |a Ziauddin Sardar | |
| 700 | 1 | ||
| 999 | |a 0000003437 |b BOOK |c Open Shelf |e Default branch | ||
| 999 | |a 000003821 |b BOOK |c Open Shelf |e Default branch | ||